Metafísica tomista: ontología, gnoseología y teología natural

Tallennettuna:
Bibliografiset tiedot
Päätekijä: García López, Jesús (Tekijä)
Aineistotyyppi: Kirja
Kieli:espanja
Julkaistu: Pamplona Eunsa 2001
Sarja:Colección de Pensamiento Medieval y Renacentista, 14
Aiheet:
Tagit: Lisää tagi
Ei tageja, Lisää ensimmäinen tagi!

MARC

LEADER 00000nam a2200000 a 4500
001 UCM5735
003 CL-VaPUC
008 021018e20010000sp |||||||||||||||||spa|d
082 0 4 |a 189.4  |b GAR  |2 21 
100 |a García López, Jesús  |e author  |9 580950 
245 1 0 |a Metafísica tomista: ontología, gnoseología y teología natural 
300 |a 720 p 
942 |c BK 
945 |d 20021018 00:00:00  |a cmena 
260 |a Pamplona  |b Eunsa  |c 2001 
600 0 |a Tomás de Aquino  |d 1220-1274  |c Santo  |9 255832 
650 0 |a Tomismo  |9 259214 
650 0 |a Metafísica  |9 265649 
650 0 |a Ontología   |9 256850 
650 0 |a Teoría del conocimiento   |9 255038 
650 0 |a Teología   |9 258766 
583 |a last modification  |c 20171010 04:35:02  |k Rodrigo Vera 
490 0 |a Colección de Pensamiento Medieval y Renacentista, 14 
999 |c 301594  |d 301592 
952 |0 0  |1 0  |4 0  |6 189_400000000000000_GAR_2001  |7 0  |8 A  |9 360766  |a BIBEDU  |b BIBEDU  |d 2019-11-21  |i 3845982  |l 3  |o 189.4 GAR 2001  |p 3845982  |r 2024-12-02  |s 2024-11-28  |w 2019-11-21  |y BK  |k FIL